000 00577nam a2200193Ii 4500
003 JO-AjNU
008 230606s9999||||xx |||||||||||||| ||und||
040 _aJO-AjNU
_beng
_erda
_cJO-AjNU
041 _aeng
050 1 4 _aPE1591 2013
100 3 _aتاليف Singh,Krishna Kumar,
_eauthor
_92998
245 0 0 _aSynonyms And Antonyms
264 3 1 _aNew Delhi:A.P.H Publishing Corporation,2013
300 _a468p
336 _atext
_btxt
_2rdacontent
337 _aunmediated
_bn
_2rdamedia
338 _avolume
_bnc
_2rdacarrier
650 4 _aSynonyms And Antonyms-Language
_92999
999 _aE1573
_c1573
_d1573